| 000 | 00577cab a2200205 4500 | ||
|---|---|---|---|
| 001 | WB3140-18 | ||
| 008 | 090401t1995 xxu||||| |||| 00| 0 eng d | ||
| 035 | _a(Sirsi) u9086 | ||
| 041 | _aeng | ||
| 245 | _aStreamlining PFI | ||
| 260 | _c1995 | ||
| 350 | _a0 | ||
| 490 |
_aTimes _v24 October 1995, 30(1) |
||
| 520 | _aExamines means of speeding up the approval process for privately financed public projects. | ||
| 650 | _aPRIVATE FINANCE INITIATIVE | ||
| 650 | _aSTREAMLINING | ||
| 690 | _aPROPERTY-PROPERTY FINANCE AND INVESTMENT | ||
| 942 | _n0 | ||
| 948 | _c04/03/1997 | ||
| 999 |
_c5630 _d5630 |
||